| 000 | 00500cam a22001692 4500 | ||
|---|---|---|---|
| 001 | 0000024642 | ||
| 005 | 20151217161644.0 | ||
| 008 | 140123s xx 000 0 eng d | ||
| 040 |
_aKABU _cKABU |
||
| 100 | 1 |
_aAsitiba, Atenya Rodgers. _@0000185022 |
|
| 245 | 1 | 3 |
_aAn Inquiry into the justification and necessity of state criminal punishments / _cAtenya Rodgers Asitiba. |
| 260 | _c2012. | ||
| 300 | _a66 leaves. | ||
| 908 | _a140123 | ||
| 950 | _@1 | ||
| 999 |
_c15484 _d15484 |
||